Believed -in imaginings : the narrative construction of reality
Saved in:
| Other Authors: | , |
|---|---|
| Format: | Book |
| Language: | English |
| Published: |
Washington, DC :
American Psychological Association,
c1998
|
| Subjects: | |
| Tags: |
Add Tag
No Tags, Be the first to tag this record!
|
MARC
| LEADER | 00000nam a2200000 i 4500 | ||
|---|---|---|---|
| 001 | 1/37711 | ||
| 008 | 030626s1998 eng d | ||
| 020 | |a 1-55798-521-9 | ||
| 035 | |l 10070307 | ||
| 040 | |a GR-MY-UA |b gre |e aacr | ||
| 041 | 0 | |a eng | |
| 082 | 0 | |a 153.3 |2 (21) | |
| 245 | 1 | 0 | |a Believed -in imaginings : |b the narrative construction of reality / |c edited by Joseph De Rivera and Theodore R. Sarbin |
| 260 | |a Washington, DC : |b American Psychological Association, |c c1998 | ||
| 300 | |a xii, 343 σ.; |c 27 εκ. | ||
| 504 | |a Περιέχει βιβλιογραφία και ευρετήρια | ||
| 650 | 0 | 0 | |a Imagination |x Congresses. |
| 650 | 0 | 0 | |a Imagination |x Social aspects |x Congresses. |
| 650 | 0 | 0 | |a Memory |x Congresses. |
| 650 | 0 | 0 | |a Memory |x Social aspects |x Congresses. |
| 650 | 0 | 0 | |a Delusions |x Congresses. |
| 650 | 0 | 0 | |a Delusions |x Social aspects |x Congresses. |
| 700 | 1 | |a De Rivera, Joseph. |4 edt | |
| 700 | 1 | |a Sarbin, Theodore R. |4 edt | |
| 852 | |a INST |b LESVOS |e 20030626 |h 153.3 BEL |p 005100026946 |q 005100026946 |t BK |y 0 | ||
| 901 | |a BIBL1-2003-2 | ||
| 909 | |a Λ |b 105360 | ||
| 922 | |a 1ΕΛΗ |b 200305 |c ΕΠΕΑΕΚ2/ΤΚΑ |d ΠΑΠΑΣΩΤΗΡΙΟΥ & ΕΛΕΥΘΕΡΟΥΔΑΚΗΣ | ||
| 950 | |a 117-2002-09-20 | ||
| 970 | |a ΚΑΡΑ |b ΓΙΑΣΕΜΗ |z 2003/08/07 | ||